La Lituanie pour les touristes... - Statistiques

Statistiques générales
  • Ce quiz a été pris 24 fois
  • Le résultat moyen est 12 sur 20
Statistiques - réponses
Question Indice Réponses % Correct
La conduite se fait à droite ou à gauche ? Droite
100%
Dans la capitale y-a-t-il un décalage horaire avec Paris ? (oui/non) Oui
100%
Quelles autres langues sont répandues ? R Russe
100%
Quelles sont les principales villes touristiques ? V Vilnius
100%
Quelle est la monnaie ? Euro
96%
Quelle est la langue officielle ? Lituanien
96%
Achats à faire 2/ Bonnet en Laine
87%
Quelles sont les principales villes touristiques ? K Kaunas
74%
Quelles autres langues sont répandues ? A Anglais
70%
La religion majoritaire est C catholicisme
70%
Le suffixe internet est lt
70%
Le taux d'alcoolémie toléré au volant est de {0.4} g/l
65%
Achats à faire 1/ Produits tissés en Lin
65%
La vitesse hors agglomération est limitée à {130} km/h
57%
Quelles sont les principales villes touristiques ? K Klaipeda
48%
Quelles sont les principales villes touristiques ? T Trakai
26%
Quels parcs nationaux peut-on visiter ? Z Zemaitija
9%
Quels parcs nationaux peut-on visiter ? D Dzukija
4%
Achats à faire 3/ Produits à partir de l'argile Céramiques
0%
Quelles sont les principales villes touristiques ? P Plateliai
0%
Aucun quiz correspondant
Distribution des résultats
% des personnes avec chaque résultat
Percentile par nombre de réponses
Votre historique - résultats
Vous n’avez pas pris ce quiz